जीवन एक नाटक / (Record no. 116272)

MARC details
000 -LEADER
fixed length control field 01111nam a22002657a 4500
005 - DATE AND TIME OF LATEST TRANSACTION
control field 20170124103037.0
010 ## - LIBRARY OF CONGRESS CONTROL NUMBER
LC control number B-005248
020 ## - INTERNATIONAL STANDARD BOOK NUMBER
Terms of availability 55.00
International Standard Book Number 8123727380
035 ## - SYSTEM CONTROL NUMBER
System control number B-005248
037 ## - SOURCE OF ACQUISITION
Source of stock number/acquisition Cen Lib/Ret
040 ## - CATALOGING SOURCE
Original cataloging agency DPL
Language of cataloging HN
082 ## - DEWEY DECIMAL CLASSIFICATION NUMBER
Classification number
Item number पटेल
100 ## - MAIN ENTRY--PERSONAL NAME
Personal name पटेल, पन्नालाल
9 (RLIN) 65678
245 ## - TITLE STATEMENT
Title जीवन एक नाटक /
Statement of responsibility, etc पन्नालाल पटेल; अनुवादक रघुवीर चौधरी
246 ## - VARYING FORM OF TITLE
Title proper/short title Jeevan ek natak /
Remainder of title by Pannalal Patel; anuvadak Raghuvir Choudhary
260 ## - PUBLICATION, DISTRIBUTION, ETC. (IMPRINT)
Place of publication, distribution, etc नयी दिल्ली
Name of publisher, distributor, etc नेशनल बुक ट्रस्ट
Date of publication, distribution, etc 1999
270 ## - ADDRESS
Address ए-5, ग्रीन पार्क
City नयी दिल्ली
Postal code 110016
300 ## - PHYSICAL DESCRIPTION
Extent xviii, 238पृ.
Dimensions 21सेमी (सजिल्द)
650 ## - SUBJECT ADDED ENTRY--TOPICAL TERM
Topical term or geographic name as entry element गुजरती साहित्य
9 (RLIN) 65679
650 ## - SUBJECT ADDED ENTRY--TOPICAL TERM
Topical term or geographic name as entry element उपन्यास
9 (RLIN) 65680
650 ## - SUBJECT ADDED ENTRY--TOPICAL TERM
Topical term or geographic name as entry element Gujrati literature
9 (RLIN) 29154
650 ## - SUBJECT ADDED ENTRY--TOPICAL TERM
Topical term or geographic name as entry element Fiction
9 (RLIN) 8901
700 ## - ADDED ENTRY--PERSONAL NAME
Personal name चौधरी, रघुवीर
9 (RLIN) 65681
942 ## - ADDED ENTRY ELEMENTS (KOHA)
Source of classification or shelving scheme Dewey Decimal Classification
Koha item type Hindi Books
Classification part
Call number suffix पटेल
Holdings
Withdrawn status Lost status Damaged status Not for loan Home library Current library Date acquired Source of acquisition Cost, normal purchase price Total Checkouts Full call number Barcode Date last seen Copy number Cost, replacement price Price effective from Koha item type Public note
Written off       Central Library Central Library 24/08/2015 Cen Lib/Ret 55.00   उ पटेल B-005248 24/08/2015 1 55.00 24/08/2015 Hindi Books Written off on approval by DLB (By Circulation); dtd 15-06-2023

© Delhi Public Library
Hit Counter
free hit counter